| 000 | 00474nam a2200193Ia 4500 | ||
|---|---|---|---|
| 008 | 170918s9999 xx 000 0 und d | ||
| 020 | _a449300021 | ||
| 050 | _bH895 1961 | ||
| 100 | _aHugo, Victor | ||
| 245 | _aLes miserables / | ||
| 245 | _cVictor Hugo ; translated by Charles E. Wilbour. | ||
| 260 | _aNew York : | ||
| 260 | _bScholastic, | ||
| 260 | _c1961 | ||
| 300 | _a400 pages : | ||
| 300 | _bcolored illustration ; | ||
| 300 | _c18cm. | ||
| 500 | _a990 | ||
| 999 |
_c342297 _d342297 |
||